| 000 | 00826nam a2200181Ia 4500 | ||
|---|---|---|---|
| 008 | 100920s9999 xx 000 0 und d | ||
| 082 |
_b57 _a570580 थ 66 |
||
| 100 | _aतेली तु. ग.(पवार). | ||
| 245 | _aचटकदार संकेश्वरी मिरची आणि कांद्याची लागवड. | ||
| 260 |
_bचिरंजीव ग्रंथ प्रकाशन, पुणे. _c1966 |
||
| 300 |
_a34 _bसाधी |
||
| 365 | _b1 | ||
| 520 | _aशाऊ. | ||
| 630 | _aचटकदार संकेश्वरी मिरची आणि कांद्याची लागवड. | ||
| 650 | _aशाऊ. | ||
| 730 | _aचटकदार संकेश्वरी मिरची आणि कांद्याची लागवड. | ||
| 942 | _cBOOK | ||
| 999 |
_c670982 _d670979 |
||